| 000 | 00564cam a22002053a 4500 | ||
|---|---|---|---|
| 001 | 44693 | ||
| 003 | PGUSA | ||
| 005 | 20140828084024.0 | ||
| 008 | 140118s2014||||xxu|||||s|||||000 | eng d | ||
| 040 |
_aPGUSA _beng |
||
| 042 | _adc | ||
| 100 | 1 | _aBlank, Clair | |
| 245 | 1 | 4 |
_aThe Adventure Girls at K Bar O _h[electronic resource] / _cClair Blank |
| 260 |
_bProject Gutenberg, _c2014 |
||
| 506 | _aPublic domain in the USA. | ||
| 516 | _aElectronic text | ||
| 830 | 0 |
_aProject Gutenberg _v44693 |
|
| 856 | 4 | 0 | _uhttp://www.gutenberg.org/ebooks/44693 |
| 942 | _cEB | ||
| 999 |
_c273944 _d273944 |
||